Corrigendum

Gespeichert in:
Bibliographische Detailangaben
Hauptverfasser: Jones, Allan (VerfasserIn) , Friedrich, Kilian (VerfasserIn) , Rohm, Maria (VerfasserIn) , Schäfer, Michaela (VerfasserIn) , Algire, Carolyn (VerfasserIn) , Kulozik, Philipp (VerfasserIn) , Seibert, Oksana (VerfasserIn) , Müller-Decker, Karin (VerfasserIn) , Sijmonsma, Tjeerd P. (VerfasserIn) , Strzoda, Daniela (VerfasserIn) , Sticht, Carsten (VerfasserIn) , Gretz, Norbert (VerfasserIn) , Dallinga-Thie, Geesje M. (VerfasserIn) , Leuchs, Barbara (VerfasserIn) , Kögl, Manfred (VerfasserIn) , Stremmel, Wolfgang (VerfasserIn) , Berriel Diaz, Mauricio (VerfasserIn) , Herzig, Stephan (VerfasserIn)
Dokumenttyp: Article (Journal)
Sprache:Englisch
Veröffentlicht: 4 June 2013
In: EMBO molecular medicine
Year: 2013, Jahrgang: 5, Heft: 6, Pages: 965
ISSN:1757-4684
DOI:10.1002/emmm.201390008
Online-Zugang:Verlag, lizenzpflichtig, Volltext: https://doi.org/10.1002/emmm.201390008
Verlag, lizenzpflichtig, Volltext: https://www.embopress.org/doi/full/10.1002/emmm.201390008
Volltext
Verfasserangaben:Allan Jones, Kilian Friedrich, Maria Rohm, Michaela Schäfer, Carolyn Algire, Philipp Kulozik, Oksana Seibert, Karin Müller-Decker, Tjeerd Sijmonsma, Daniela Strzoda, Carsten Sticht, Norbert Gretz, Geesje M. Dallinga-Thie, Barbara Leuchs, Manfred Kögl, Wolfgang Stremmel, Mauricio Berriel Diaz, Stephan Herzig

MARC

LEADER 00000caa a2200000 c 4500
001 1753377935
003 DE-627
005 20230426165456.0
007 cr uuu---uuuuu
008 210408s2013 xx |||||o 00| ||eng c
024 7 |a 10.1002/emmm.201390008  |2 doi 
035 |a (DE-627)1753377935 
035 |a (DE-599)KXP1753377935 
035 |a (OCoLC)1341403643 
040 |a DE-627  |b ger  |c DE-627  |e rda 
041 |a eng 
084 |a 33  |2 sdnb 
100 1 |a Jones, Allan  |e VerfasserIn  |0 (DE-588)1019275316  |0 (DE-627)69084171X  |0 (DE-576)355470470  |4 aut 
245 1 0 |a Corrigendum  |c Allan Jones, Kilian Friedrich, Maria Rohm, Michaela Schäfer, Carolyn Algire, Philipp Kulozik, Oksana Seibert, Karin Müller-Decker, Tjeerd Sijmonsma, Daniela Strzoda, Carsten Sticht, Norbert Gretz, Geesje M. Dallinga-Thie, Barbara Leuchs, Manfred Kögl, Wolfgang Stremmel, Mauricio Berriel Diaz, Stephan Herzig 
264 1 |c 4 June 2013 
300 |a 1 
336 |a Text  |b txt  |2 rdacontent 
337 |a Computermedien  |b c  |2 rdamedia 
338 |a Online-Ressource  |b cr  |2 rdacarrier 
500 |a Gesehen am 08.04.2021 
700 1 |a Friedrich, Kilian  |d 1983-  |e VerfasserIn  |0 (DE-588)140323651  |0 (DE-627)617699089  |0 (DE-576)31642207X  |4 aut 
700 1 |a Rohm, Maria  |e VerfasserIn  |0 (DE-588)1028129335  |0 (DE-627)730386619  |0 (DE-576)375656049  |4 aut 
700 1 |a Schäfer, Michaela  |e VerfasserIn  |0 (DE-588)106627956X  |0 (DE-627)81717883X  |0 (DE-576)42573000X  |4 aut 
700 1 |a Algire, Carolyn  |e VerfasserIn  |0 (DE-588)1033885096  |0 (DE-627)742731642  |0 (DE-576)381556530  |4 aut 
700 1 |a Kulozik, Philipp  |e VerfasserIn  |0 (DE-588)1017961662  |0 (DE-627)69047461X  |0 (DE-576)354700863  |4 aut 
700 1 |a Seibert, Oksana  |e VerfasserIn  |4 aut 
700 1 |a Müller-Decker, Karin  |e VerfasserIn  |0 (DE-588)1084651351  |0 (DE-627)848630556  |0 (DE-576)169302431  |4 aut 
700 1 |a Sijmonsma, Tjeerd P.  |e VerfasserIn  |0 (DE-588)1147590567  |0 (DE-627)1006339280  |0 (DE-576)495880736  |4 aut 
700 1 |a Strzoda, Daniela  |e VerfasserIn  |4 aut 
700 1 |a Sticht, Carsten  |d 1972-  |e VerfasserIn  |0 (DE-588)1020115718  |0 (DE-627)691110077  |0 (DE-576)250042177  |4 aut 
700 1 |a Gretz, Norbert  |d 1954-2023  |e VerfasserIn  |0 (DE-588)1020104589  |0 (DE-627)691105154  |0 (DE-576)359544843  |4 aut 
700 1 |a Dallinga-Thie, Geesje M.  |e VerfasserIn  |4 aut 
700 1 |a Leuchs, Barbara  |e VerfasserIn  |0 (DE-588)1190055112  |0 (DE-627)1668742330  |4 aut 
700 1 |a Kögl, Manfred  |e VerfasserIn  |0 (DE-588)1228379505  |0 (DE-627)175014588X  |4 aut 
700 1 |a Stremmel, Wolfgang  |d 1952-  |e VerfasserIn  |0 (DE-588)142773638  |0 (DE-627)640118747  |0 (DE-576)33331560X  |4 aut 
700 1 |a Berriel Diaz, Mauricio  |d 1971-  |e VerfasserIn  |0 (DE-588)1124103996  |0 (DE-627)877827648  |0 (DE-576)482304693  |4 aut 
700 1 |a Herzig, Stephan  |d 1969-  |e VerfasserIn  |0 (DE-588)12146623X  |0 (DE-627)705470857  |0 (DE-576)292725949  |4 aut 
773 0 8 |i Enthalten in  |a European Molecular Biology Organization  |t EMBO molecular medicine  |d [London] : Nature Publishing Group UK, 2009  |g 5(2013), 6, Seite 965  |h Online-Ressource  |w (DE-627)594772761  |w (DE-600)2485479-7  |w (DE-576)305355961  |x 1757-4684  |7 nnas 
773 1 8 |g volume:5  |g year:2013  |g number:6  |g pages:965  |g extent:1  |a Corrigendum 
776 0 8 |i Erscheint auch als  |n Druck-Ausgabe  |a Jones, Allan  |t Corrigendum  |d 2013  |w (DE-627)1753378494 
787 0 8 |i Errata zu  |a Jones, Allan  |t TSC22D4 is a molecular output of hepatic wasting metabolism  |d 2013  |w (DE-627)1753375495 
856 4 0 |u https://doi.org/10.1002/emmm.201390008  |x Verlag  |x Resolving-System  |z lizenzpflichtig  |3 Volltext 
856 4 0 |u https://www.embopress.org/doi/full/10.1002/emmm.201390008  |x Verlag  |z lizenzpflichtig  |3 Volltext 
951 |a AR 
992 |a 20210408 
993 |a Article 
994 |a 2013 
998 |g 12146623X  |a Herzig, Stephan  |m 12146623X:Herzig, Stephan  |d 700000  |d 706000  |d 50000  |e 700000PH12146623X  |e 706000PH12146623X  |e 50000PH12146623X  |k 0/700000/  |k 1/700000/706000/  |k 0/50000/  |p 18  |y j 
998 |g 1124103996  |a Berriel Diaz, Mauricio  |m 1124103996:Berriel Diaz, Mauricio  |d 50000  |e 50000PB1124103996  |k 0/50000/  |p 17 
998 |g 142773638  |a Stremmel, Wolfgang  |m 142773638:Stremmel, Wolfgang  |d 910000  |d 910100  |e 910000PS142773638  |e 910100PS142773638  |k 0/910000/  |k 1/910000/910100/  |p 16 
998 |g 1228379505  |a Kögl, Manfred  |m 1228379505:Kögl, Manfred  |d 910000  |d 950000  |d 950950  |e 910000PK1228379505  |e 950000PK1228379505  |e 950950PK1228379505  |k 0/910000/  |k 1/910000/950000/  |k 2/910000/950000/950950/  |p 15 
998 |g 1190055112  |a Leuchs, Barbara  |m 1190055112:Leuchs, Barbara  |d 910000  |d 950000  |d 950950  |e 910000PL1190055112  |e 950000PL1190055112  |e 950950PL1190055112  |k 0/910000/  |k 1/910000/950000/  |k 2/910000/950000/950950/  |p 14 
998 |g 1020104589  |a Gretz, Norbert  |m 1020104589:Gretz, Norbert  |d 60000  |d 999811  |e 60000PG1020104589  |e 999811PG1020104589  |k 0/60000/  |k 1/60000/999811/  |p 12 
998 |g 1020115718  |a Sticht, Carsten  |m 1020115718:Sticht, Carsten  |d 60000  |d 999811  |e 60000PS1020115718  |e 999811PS1020115718  |k 0/60000/  |k 1/60000/999811/  |p 11 
998 |g 1147590567  |a Sijmonsma, Tjeerd P.  |m 1147590567:Sijmonsma, Tjeerd P.  |d 910000  |d 950000  |d 950950  |e 910000PS1147590567  |e 950000PS1147590567  |e 950950PS1147590567  |k 0/910000/  |k 1/910000/950000/  |k 2/910000/950000/950950/  |p 9 
998 |g 1084651351  |a Müller-Decker, Karin  |m 1084651351:Müller-Decker, Karin  |d 140000  |e 140000PM1084651351  |k 0/140000/  |p 8 
998 |g 1017961662  |a Kulozik, Philipp  |m 1017961662:Kulozik, Philipp  |d 910000  |d 950000  |d 950950  |e 910000PK1017961662  |e 950000PK1017961662  |e 950950PK1017961662  |k 0/910000/  |k 1/910000/950000/  |k 2/910000/950000/950950/  |p 6 
998 |g 1033885096  |a Algire, Carolyn  |m 1033885096:Algire, Carolyn  |d 700000  |d 706000  |e 700000PA1033885096  |e 706000PA1033885096  |k 0/700000/  |k 1/700000/706000/  |p 5 
998 |g 106627956X  |a Schäfer, Michaela  |m 106627956X:Schäfer, Michaela  |d 140000  |e 140000PS106627956X  |k 0/140000/  |p 4 
998 |g 1028129335  |a Rohm, Maria  |m 1028129335:Rohm, Maria  |d 700000  |d 706000  |e 700000PR1028129335  |e 706000PR1028129335  |k 0/700000/  |k 1/700000/706000/  |p 3 
998 |g 140323651  |a Friedrich, Kilian  |m 140323651:Friedrich, Kilian  |d 910000  |d 910100  |e 910000PF140323651  |e 910100PF140323651  |k 0/910000/  |k 1/910000/910100/  |p 2 
998 |g 1019275316  |a Jones, Allan  |m 1019275316:Jones, Allan  |d 910000  |d 950000  |d 950950  |e 910000PJ1019275316  |e 950000PJ1019275316  |e 950950PJ1019275316  |k 0/910000/  |k 1/910000/950000/  |k 2/910000/950000/950950/  |p 1  |x j 
999 |a KXP-PPN1753377935  |e 3903901717 
BIB |a Y 
SER |a journal 
JSO |a {"recId":"1753377935","title":[{"title":"Corrigendum","title_sort":"Corrigendum"}],"note":["Gesehen am 08.04.2021"],"type":{"bibl":"article-journal","media":"Online-Ressource"},"origin":[{"dateIssuedKey":"2013","dateIssuedDisp":"4 June 2013"}],"id":{"doi":["10.1002/emmm.201390008"],"eki":["1753377935"]},"physDesc":[{"extent":"1 S."}],"person":[{"display":"Jones, Allan","family":"Jones","given":"Allan","role":"aut"},{"family":"Friedrich","display":"Friedrich, Kilian","role":"aut","given":"Kilian"},{"display":"Rohm, Maria","family":"Rohm","role":"aut","given":"Maria"},{"display":"Schäfer, Michaela","family":"Schäfer","role":"aut","given":"Michaela"},{"role":"aut","given":"Carolyn","display":"Algire, Carolyn","family":"Algire"},{"display":"Kulozik, Philipp","family":"Kulozik","given":"Philipp","role":"aut"},{"display":"Seibert, Oksana","family":"Seibert","given":"Oksana","role":"aut"},{"role":"aut","given":"Karin","display":"Müller-Decker, Karin","family":"Müller-Decker"},{"display":"Sijmonsma, Tjeerd P.","family":"Sijmonsma","given":"Tjeerd P.","role":"aut"},{"role":"aut","given":"Daniela","family":"Strzoda","display":"Strzoda, Daniela"},{"given":"Carsten","role":"aut","display":"Sticht, Carsten","family":"Sticht"},{"display":"Gretz, Norbert","family":"Gretz","given":"Norbert","role":"aut"},{"role":"aut","given":"Geesje M.","display":"Dallinga-Thie, Geesje M.","family":"Dallinga-Thie"},{"display":"Leuchs, Barbara","family":"Leuchs","given":"Barbara","role":"aut"},{"family":"Kögl","display":"Kögl, Manfred","role":"aut","given":"Manfred"},{"role":"aut","given":"Wolfgang","display":"Stremmel, Wolfgang","family":"Stremmel"},{"role":"aut","given":"Mauricio","display":"Berriel Diaz, Mauricio","family":"Berriel Diaz"},{"given":"Stephan","role":"aut","family":"Herzig","display":"Herzig, Stephan"}],"relHost":[{"language":["eng"],"name":{"displayForm":["European Molecular Biology Organization (EMBO)"]},"origin":[{"publisherPlace":"[London] ; Heidelberg ; Weinheim","publisher":"Nature Publishing Group UK ; EMBO Press ; Wiley-VCH","dateIssuedDisp":"[2009]-"}],"disp":"European Molecular Biology OrganizationEMBO molecular medicine","part":{"extent":"1","year":"2013","text":"5(2013), 6, Seite 965","issue":"6","pages":"965","volume":"5"},"note":["Gesehen am 5. November 2022","Fortsetzung der Druck-Ausgabe"],"type":{"media":"Online-Ressource","bibl":"periodical"},"corporate":[{"display":"European Molecular Biology Organization","role":"aut"}],"title":[{"title_sort":"EMBO molecular medicine","title":"EMBO molecular medicine"}],"recId":"594772761","id":{"zdb":["2485479-7"],"issn":["1757-4684"],"doi":["10.1002/(ISSN)1757-4684"],"eki":["594772761"]},"physDesc":[{"extent":"Online-Ressource"}],"pubHistory":["Vol. 1, No. 1 (Apr 1, 2009)-"]}],"language":["eng"],"name":{"displayForm":["Allan Jones, Kilian Friedrich, Maria Rohm, Michaela Schäfer, Carolyn Algire, Philipp Kulozik, Oksana Seibert, Karin Müller-Decker, Tjeerd Sijmonsma, Daniela Strzoda, Carsten Sticht, Norbert Gretz, Geesje M. Dallinga-Thie, Barbara Leuchs, Manfred Kögl, Wolfgang Stremmel, Mauricio Berriel Diaz, Stephan Herzig"]}} 
SRT |a JONESALLANCORRIGENDU4201